All-Star Team Mondiali 1994 - Statistics

Statistiche generali
  • Questo quiz è stato fatto 17 volte
  • Il punteggio medio è 7 su 11
Statistiche sulle risposte
Ruolo Nazione Calciatore % Corretto
Difensore Italia Paolo Maldini
100%
Attaccante Italia Roberto Baggio
100%
Attaccante Brasile Romário
100%
Centrocampista Romania Gheorghe Hagi
93%
Centrocampista Brasile Dunga
86%
Portiere Belgio Michel Preud'homme
50%
Centrocampista Svezia Tomas Brolin
36%
Attaccante Bulgaria Hristo Stoičkov
29%
Difensore Brasile Márcio Santos
29%
Centrocampista Bulgaria Krasimir Balăkov
21%
Difensore Brasile Jorginho
14%
Nessun quiz corrispondente trovato
Distribuzione punteggi
Percentuale di utenti per punteggio
Percentile per numero di risposta
I tuoi punteggi nel tempo
Non hai fatto questo quiz